| 000 | 01500nam a2200361 a 4500 | ||
|---|---|---|---|
| 001 | ebr10516398 | ||
| 003 | CaPaEBR | ||
| 006 | m u | ||
| 007 | cr cn||||||||| | ||
| 008 | 000426s2000 enka sb 001 0 eng d | ||
| 010 | _z 00304308 | ||
| 020 | _z1563474042 | ||
| 020 | _z9781563474040 | ||
| 020 | _z9781600864360 (e-book) | ||
| 040 |
_aCaPaEBR _cCaPaEBR |
||
| 035 | _a(OCoLC)648579812 | ||
| 050 | 1 | 4 |
_aTL678 _b.F57 2000eb |
| 082 | 0 | 4 |
_a629.135 _221 |
| 245 | 0 | 0 |
_aFlight control systems _h[electronic resource] / _cedited by Roger W. Pratt. |
| 260 |
_aHerts, U.K. : _bInstitution of Electrical Engineers ; _aReston, Va. : _bAmerican Institute of Aeronautics and Astronautics, _cc2000. |
||
| 300 |
_axxix, 382 p. : _bill. |
||
| 490 | 1 |
_aProgress in astronautics and aeronautics ; _vv. 184 |
|
| 504 | _aIncludes bibliographical references and index. | ||
| 533 |
_aElectronic reproduction. _bPalo Alto, Calif. : _cebrary, _d2013. _nAvailable via World Wide Web. _nAccess may be limited to ebrary affiliated libraries. |
||
| 650 | 0 |
_aAirplanes _xControl systems _xDesign and construction. |
|
| 650 | 0 | _aFlight control. | |
| 655 | 7 |
_aElectronic books. _2local |
|
| 700 | 1 |
_aPratt, Roger, _d1943- |
|
| 710 | 2 | _aInstitution of Electrical Engineers. | |
| 710 | 2 | _aebrary, Inc. | |
| 830 | 0 |
_aProgress in astronautics and aeronautics ; _vv. 184. |
|
| 856 | 4 | 0 |
_uhttp://site.ebrary.com/lib/rucke/Doc?id=10516398 _zAn electronic book accessible through the World Wide Web; click to view |
| 999 |
_c122422 _d122422 |
||